Crossing the Threshold of Hope /

Guardat en:
Dades bibliogràfiques
Autor corporatiu: Iglesia Católica. Papa (1978-2005 : Juan Pablo II)
Altres autors: Messori, Vittorio (edición) (edición)
Format: Llibre
Idioma:anglès
Publicat: Nueva York, EUA : Alfred A. Knopf, 1994, c1994
Etiquetes: Afegir etiqueta
Sense etiquetes, Sigues el primer a etiquetar aquest registre!

MARC

LEADER 00000nam^a2200000^a^4500
001 000626881
005 20260129000000.0
009 20260310134043.331
020 |a 0-679-44058-5 
037 |a Acervo Xavier Clavigero 
041 |a ING 
091 |a FHG. 00854 
110 |a Iglesia Católica.  |b Papa (1978-2005 : Juan Pablo II) 
245 1 0 |a Crossing the Threshold of Hope / 
264 4 |a Nueva York, EUA :  |b Alfred A. Knopf,  |c 1994, c1994 
300 |a IX, 244 p. 
336 |a texto  |b txt  |2 rdacontenido 
337 |a sin mediación  |b n  |2 rdamedio 
338 |a volumen  |b nc  |2 rdasoporte 
649 |a XX 
700 |a Messori, Vittorio  |e (edición) 
910 |a Fondo Humberto García Bedoy S.J. 
920 |a Impresos - Libros 
930 |a Fondos Especiales 
905 |a 148 
901 |a 626881-10  |b IT2  |c ESP  |i d  |u 20260129 
902 |a https://opac.biblio.iteso.mx/vufind/Record/000626881